Reverse Dictionary #46 - Statistics

General Stats
  • This quiz has been taken 52 times
  • The average score is 14 of 25
Answer Stats
Definition First
Letter
Word % Correct
Not positive or neutral. N Negative
100%
Real or perceived movement of atmospheric air usually caused by convection or differences in air pressure. W Wind
98%
A result that one is attempting to achieve. G Goal
95%
Money paid for a transport ticket. F Fare
90%
A human being regarded as an individual. P Person
88%
Any of a class of small tailless amphibians of the order Anura that typically hop. F Frog
83%
A member of the class of animals Aves in the phylum Chordata, characterized by being warm-blooded, having feathers and wings usually capable of flight, having a beaked mouth, and laying eggs. B Bird
76%
A dish or foodstuff where at least one piece, but typically two or more pieces, of bread serve(s) as the wrapper or container of some other food. S Sandwich
76%
Sound uttered by the mouth, especially by human beings in speech or song; sound thus uttered considered as possessing some special quality or character. V Voice
69%
To make sudden loud noises, and often repeatedly, especially by exploding or hitting something. B Bang
64%
Preferred or liked above all others (unless qualified). F Favorite
64%
A bundle of neurons with their connective tissue sheaths, blood vessels and lymphatics. N Nerve
64%
Homo sapiens as a group. H Humanity
57%
Pertaining to the arts, customs, lifestyles, background, and habits that characterize humankind, or a particular society or nation. C Cultural
50%
Having unpredictable outcomes and, in the ideal case, all outcomes equally probable; resulting from such selection; lacking statistical correlation. R Random
50%
(arithmetic) A number or expression that is to be divided by another. D Dividend
48%
A plot or secret, devious plan. S Scheme
45%
To restrict (someone or something) to a particular scope or area; to keep in or within certain bounds. C Confine
38%
A relatively quiet but sharp sound generally made repeatedly by moving machinery. T Tick
33%
To spend lavishly or extravagantly, especially money. S Splurge
29%
Not of obvious or immediate cause, but as a secondary result. I Indirect
26%
A paragraph or section of text or music with particular meaning. P Passage
26%
The act of conveying something. D Delivery
19%
Of a branch of science, serving another branch of science or engineering. A Applied
14%
Something that corrects or counteracts. R Remedy
14%
No matching quizzes found
Score Distribution
Percent of People with Each Score
Percentile by Number Answered
Your Score History
You have not taken this quiz